Statistiques concernant Tous les pays modernes qui ont été sous domination belge

Cliquez ici pour prendre le quiz!

Statistiques générales

  • Ce quiz a été pris 6 207 fois
  • Le résultat moyen est 10 sur 14

Réponses sur la Carte

Les réponses sont colorées sur une échelle allant du rouge au vert en fonction du pourcentage des utilisateurs qui les ont devinées à leur premier essai. Vous pouvez retrouver ces pourcentages ci-dessous.
 

Statistiques - réponses

Pays% Correct
Luxembourg
95%
République démocratique du Congo
95%
Allemagne
94%
Belgique
93%
Pays-Bas
93%
Rwanda
81%
France
80%
Burundi
76%
République Centrafricaine
75%
Ouganda
68%
Italie
65%
Soudan du Sud
65%
Guatemala
39%
Chine
23%

Distribution des résultats

Percentile par nombre de réponses

% des personnes avec chaque résultat

Votre développement - résultats

Vous n’avez pas pris ce quiz